000 00465nam a2200169 i 4500
001 bgj
100 1 _aROCHE, Mazo, de la
_d(1879-1961).
245 1 0 _aWhiteoaks of Jalna /
_cMazo de la Roche.
260 _aGreenwich, Conn. :
_bA FawcettCrest Books,
_c1957.
300 _a319 pp ;
_c18 cm.
505 _aIncludes genealogical tables.
650 9 _aDomestic fiction
040 _cBPK
041 0 _aeng
942 _cKS
008 s uk f |000 0 eng
999 _c48367
_d48367
856 _uhttp://koha.tu.koszalin.pl/cgi-bin/koha/opac-detail.pl?biblionumber=48367
_yKatalog online BPK